• 首页
  • 本馆介绍
  • 公告通知
  • 最新文献
  • 馆藏检索
  • 电子资源
  • 读者导购
  • 参考咨询
  • 我的图书馆
  • 登录
  • 详细信息显示
  • 放入我的书架
  • 预约/预借图书
  • 作者相关作品
  • 分类相关作品
  • 丛书相关作品
  • 出版社相关作品

书目信息

  • 表格格式
  • 工作单格式
  • 卡片格式
题名:
民族政策常识
    
 
作者: 《民族政策常识》
分册:  
出版信息: 北京   红旗出版社  2000
页数: 91页
开本: 20cm
丛书名:
单 册:
中图分类: D633.0
科图分类:
主题词: 政治--中国
电子资源:
ISBN: 7-5051-0369-5
000 00574nam0 2200193 450
001 0660266734
005 20061011165423.62
010    @a7-5051-0369-5@dCNY3.50
100    @a20061011d2000 km y0chiy0120 ea
101 0  @achi
102    @aCN@b110000
200 1  @a民族政策常识@Amin zu zheng ce chang shi@f《民族政策常识》@F《min zu zheng ce chang shi》
210    @a北京@c红旗出版社@d2000
215    @a91页@d20cm
606 0  @a政治@x中国
690    @aD633.0@v3
701  0 @a《民族政策常识》@A《min zu zheng ce chang shi》
801  0 @aCN@bPFT@c20061011
905    @a10447@dD633.0@e51
    
    民族政策常识/《民族政策常识》.-北京:红旗出版社,2000
    91页;20cm
    
    
    ISBN 7-5051-0369-5:CNY3.50
    
●
相关链接 在E读中查询图书 在五车中查询图书 在当当中查询图书 在豆瓣中查询图书


正题名:民族政策常识     索取号:D633.0/51         预约/预借

序号 登录号 条形码 馆藏地/架位号 状态 备注
1 0494666   204946666   密集书库/ [索取号:D633.0/51] 在馆    
欢迎您!
大连网信软件有限公司© 版权所有